000 00442nam a2200181Ia 4500
001 15010
005 20260306164956.0
008 260306t2009||||xx |||||||||||||| ||spa||
041 _aESP
082 _a519.54
_bE84
100 _aEspejo Miranda, I.
_eAUT
245 0 _aInferencia estadística:
_bteoría y problemas
260 _c2009
300 _a253 páginas :
_c24 cm.
650 _aGEN
654 _aCMA
942 _cLIB
_dJUS
_fJUS
_2ddc
_n
999 _c15010
_d15010